One Piece - Personnages en Image - Statistiques

Statistiques générales
  • Ce quiz a été pris 512 fois
    82 depuis la dernière actualisation
  • Le résultat moyen est 11 sur 20
Statistiques - réponses
Par images Réponse % Correct
Absalom
100%
Alber
100%
Alvida
100%
Arlong
100%
Baby 5
100%
Baggy
100%
Bartholomew Kuma
100%
Bartolomeo
100%
Belmer
100%
Benn Beckman
100%
Bepo
100%
Boa Hancock
100%
Borsalino
100%
Brook
100%
Capone Bege
100%
Carrot
100%
César Clown
100%
Charlotte Katakuri
100%
Charlotte Laura
100%
Charlotte Moscat
100%
Charlotte Pudding
100%
Charlotte Smoothie
100%
Charlotte Snack
100%
Crocodile
100%
Diamante
100%
Doc Q
100%
Don Quichotte Doflamingo
100%
Dracule Mihawk
100%
Drip
100%
Edward Newgate
100%
Edward Weevil
100%
Enel
100%
Eustass Kid
100%
Fisher Tiger
100%
Franky
100%
Fukaboshi
100%
Fullbody
100%
Gladius
100%
Gol D. Roger
100%
Hattori
100%
Hermep
100%
Inazuma
100%
Issho
100%
Jeet
100%
Jesus Burgess
100%
Jinbe
100%
Kaido
100%
Kaku
100%
Killer
100%
Kozuki Momonosuke
100%
Kozuki Oden
100%
Kuro
100%
Kuzan
100%
Laboon
100%
Laki
100%
Leo
100%
Magellan
100%
Makino
100%
Momonga
100%
Monkey D. Garp
100%
Monkey D. Luffy
100%
Morgan
100%
Morgans
100%
Mr. 9
100%
Nami
100%
Napoleon
100%
Nefertari D. Cobra
100%
Nefertari D. Vivi
100%
Nero
100%
Nico Olvia
100%
Nojiko
100%
Oars
100%
Octy
100%
Page One
100%
Pedro
100%
Pell
100%
Perona
100%
Portgas D. Ace
100%
Promethée
100%
Rebecca
100%
Rob Lucci
100%
Sadi
100%
Saint Marcus Mars
100%
Saint Nerona Imu
100%
Saint Shepherd Ju Peter
100%
Sakazuki
100%
Salome
100%
Scratchmen Apoo
100%
Sengoku
100%
Shanks
100%
Shiki
100%
Silvers Rayleigh
100%
Smack
100%
Smoker
100%
Squard
100%
Sugar
100%
Tamago
100%
Tony Tony Chopper
100%
Trebol
100%
Tsuru
100%
Urouge
100%
Van Augur
100%
Vegapunk
100%
Vergo
100%
Vinsmoke Judge
100%
Vinsmoke Niji
100%
Vinsmoke Sanji
100%
Vito
100%
Who's Who
100%
Wiper
100%
X Drake
100%
Yamato
100%
York
100%
Zambai
100%
Zeff
100%
Zeo
100%
Zeus
100%
Galdino
86%
Basil Hawkins
83%
Kalifa
83%
Vinsmoke Ichiji
83%
Babe
80%
Buckingham Stussy
80%
Charlotte Perospero
80%
Gaimon
80%
Koala
80%
Lucky Roo
80%
Marco
80%
Pearl
80%
Blueno
75%
Buffalo
75%
Gem
75%
John
75%
Kalgara
75%
Kokoro
75%
Kyros
75%
Pica
75%
Portgas D. Rouge
75%
Ryuboshi
75%
Saint Jaygarcia Saturn
75%
Sentomaru
75%
Shirahoshi
75%
Bellamy
67%
Black Maria
67%
Boa Sandersonia
67%
Catarina Devon
67%
Charlotte Brulée
67%
Charlotte Daifuku
67%
Charlotte Linlin
67%
Curly Dadan
67%
Daz Bonez
67%
Domino
67%
Dorry
67%
Gecko Moria
67%
Haguar D. Sauro
67%
Hogback
67%
Igaram
67%
Jango
67%
Koby
67%
Kurozumi Orochi
67%
Lindbergh
67%
Merry
67%
Nekomamushi
67%
Neptune
67%
Raizo
67%
Saint Rosward Charlos
67%
Scien
67%
Senor Pink
67%
Shiryu
67%
Stansen
67%
Tashigi
67%
Usopp
67%
Vinsmoke Yonji
67%
Wapol
67%
Chaka
60%
Charlotte Cracker
60%
Charlotte Oven
60%
Disco
60%
Karoo
60%
Kurozumi Kanjuro
60%
S-Shark
60%
Vista
60%
Aladdin
50%
Atlas
50%
Bentham
50%
Boa Marigold
50%
Brogy
50%
Camie
50%
Caribou
50%
Charlotte Mont d'Or
50%
Crocus
50%
Don Chinjao
50%
Duval
50%
Foxy
50%
Gin
50%
Hajrudin
50%
Hera
50%
Heracles
50%
Hyogoro
50%
Izo
50%
Jewelry Bonney
50%
Joz
50%
Koza
50%
Kureha
50%
Mansherry
50%
Marchall D. Teach
50%
Margaret
50%
Mikita
50%
Monet
50%
Monkey D. Dragon
50%
Monster
50%
Otohime
50%
Pekoms
50%
Pierre
50%
Riku Doldo III
50%
Saint Figarland Garling
50%
Sasaki
50%
S-Bear
50%
Shakuyaku
50%
Spandam
50%
S-Snake
50%
Trafalgar D. Water Law
50%
Vinsmoke Sora
50%
Yasopp
50%
Zunesha
50%
Claw D. Clover
40%
Penguin
40%
Streusen
40%
Charlotte Praline
33%
Chocolat
33%
Denjiro
33%
Don Krieg
33%
Gazelleman
33%
Ginney
33%
Hamburg
33%
Hannyabal
33%
Higuma
33%
Hiluluk
33%
Jabura
33%
Johnny
33%
Jora
33%
Kawamatsu
33%
Kong
33%
Kurozumi Higurashi
33%
Limejuice
33%
Manjaro
33%
Mozu
33%
Nola
33%
Prince Gles
33%
Richie
33%
Saint Ethanbaron V. Nusjuro
33%
Shachi
33%
Shaka
33%
S-Hawk
33%
Shirley
33%
Thatch
33%
Ulti
33%
Abdullah
25%
Belo Betty
25%
Bluegrass
25%
Bluejam
25%
Bobbin
25%
Charlotte Compote
25%
Charlotte Galette
25%
Chess
25%
Conis
25%
Genzo
25%
Gotti
25%
Inuarashi
25%
Kashii
25%
Koron
25%
Kurozumi Tama
25%
Miyagi
25%
Mounblutain
25%
Saint Topman Warcury
25%
Toko
25%
Victoria Cindry
25%
Elizabello II
17%
Stronger
17%
Alpha
0%
Aramaki
0%
Ashura Doji
0%
Avalo Pizarro
0%
Babanuki
0%
Barbe Rose
0%
Blue Gilly
0%
Bogart
0%
Bonk Punch
0%
Boo
0%
Brannew
0%
Buchi
0%
Carmel
0%
Cavendish
0%
Chadros Higelyges
0%
Charlotte Amande
0%
Charlotte Chiffon
0%
Charlotte Flampe
0%
Charlotte Mondée
0%
Charlotte Opera
0%
Chimney
0%
Coribou
0%
Daifugo
0%
Dalmatien
0%
Dalton
0%
Daruma
0%
Dellinger
0%
Demalo Black
0%
Doll
0%
Don Quichotte Homing
0%
Don Quichotte Rossinante
0%
Dosun
0%
Drophy
0%
Edison
0%
Emporio Ivankov
0%
Fukuro
0%
Fukurokuju
0%
Gabaji
0%
Gan Forr
0%
Gerd
0%
Gion
0%
Gloriosa
0%
Goldberg
0%
Hack
0%
Heat
0%
Hibari
0%
Hina
0%
Hody Jones
0%
Holdem
0%
Hyouzou
0%
Icaros Mucchi
0%
Icebarg
0%
Ideo
0%
Jack
0%
Jean Bart
0%
Karasu
0%
Kaya
0%
Kikunojo
0%
Kinderella
0%
Kinemon
0%
Kiwi
0%
Kozuki Hiyori
0%
Kozuki Toki
0%
Kujaku
0%
Kumadori
0%
Kuroobi
0%
Kurozumi Semimaru
0%
Laffitte
0%
Lao G
0%
Lilith
0%
Little Oars
0%
Machvise
0%
Manboshi
0%
Marianne
0%
Masira
0%
Milky
0%
Minatomo
0%
Miss Monday
0%
Mohji
0%
Mont Blanc Cricket
0%
Mont Blanc Norland
0%
Morley
0%
Namur
0%
Nico Robin
0%
Oimo
0%
Orlumbus
0%
Pappag
0%
Pauly
0%
Peepley Lulu
0%
Pomsky
0%
Porche
0%
Pound
0%
Pythagore
0%
Red King
0%
Riku Viola
0%
Road
0%
Rockstar
0%
Roronoa Zoro
0%
Sabo
0%
Sai
0%
Saint Don Quichotte Mjosgard
0%
Saldeath
0%
Sanjuan Wolf
0%
Scopper Gaban
0%
Sham
0%
Shimotsuki Koshiro
0%
Shimotsuki Kuina
0%
Shimotsuki Yasuie
0%
Shinobu
0%
Shojo
0%
Shu
0%
Some
0%
Speed
0%
Suleiman
0%
T-Bone
0%
Tensei
0%
Tilestone
0%
Tokikake
0%
Tom
0%
Tonjit
0%
Tristan
0%
Vander Decken
0%
Vasco Shot
0%
Very Good
0%
Vinsmoke Reiju
0%
Wadatsumi
0%
Wanda
0%
Wanze
0%
Yokozuna
0%
Yorki
0%
Yosaku
0%
Zala
0%
Aucun quiz correspondant
Distribution des résultats
% des personnes avec chaque résultat
Percentile par nombre de réponses
Votre historique - résultats
Vous n’avez pas pris ce quiz depuis la dernière actualisation